000 00569nam a2200229Ia 4500
003 OSt
005 20221005125517.0
006 a|||||r|||| 00| 0
007 ta
008 221004b |||||||| |||| 00| 0 eng d
024 _a53689
037 _cTextual
040 _aCRL
_cCRL
_beng
041 _2eng
_aeng
082 _aRz7, H5
100 _aKyle Gilbert
_9636791
245 0 _aPhilosophical Arguments
_b An Inaugural lecture.
260 _c1945
650 _aPHILOSOPHY
942 _hRz7, H5
_cTEXL
_2cc
999 _c1054243
_d1054243